| 000 | 00581nam a2200193Ia 4500 | ||
|---|---|---|---|
| 003 | GCL | ||
| 008 | 140319s9999 xx 000 0 ara d | ||
| 040 |
_aGCL / _cGCL |
||
| 082 | 0 | 4 |
_a811.009 _bا ج |
| 100 | 1 | _aاحمد الشايب | |
| 245 | 1 | 0 |
_aالجارم الشاعر: عصرة, حياتة, شعرة / _cاحمد الشايب |
| 260 |
_a[S.N] : _bمكتبة النهضة المصرية ، _c1967 |
||
| 300 | _a91 ص | ||
| 490 | _a | ||
| 650 | 0 | 4 | _aالشعر العربى |
| 650 | 0 | 4 | _aالادب العربى |
| 650 | 0 | 4 | _aالادباء العرب |
| 942 |
_2ddc _cBK |
||
| 999 |
_c29684 _d29684 |
||